| Registos Bibliográficos associados ao registo de autoridade |
|
Etiqueta de registo: 00254nam 2200025 450 001 2229428 003 http://id.bnportugal.gov.pt/bib/catbnp/2229428 100 ## $a20251022d2025 k y0pory01030103ba 101 0# $apor$deng 102 ## $aPT 105 ## $ay m 000yy 106 ## $ar 200 1# $aDesafios à proteção de dados pessoais resultantes do desenvolvimento e implementação
de IA$esinergias interpretativas e potenciais conflitos entre o RGPD e o ACI Act$fTiago Sérgio Alves Cabral$gorient. Alessandra Silveira 210 #9 $a[S.l.$cs.n.],$d2025 215 ## $aXX, 629 p.$d30 cm 328 #1 $aTese dout. Ciências Jurídicas Públicas, Escola de Direito, Universidade do Minho,
2025 675 ## $a342.7(4-67UE)(043)$vBN$zpor$31276919 675 ## $a004.8(4-67UE)(043)$vBN$zpor$31970912 675 ## $a004.6.05(4-67UE)(043)$vBN$zpor$31970911 700 #1 $aCabral,$bTiago Sérgio Alves$31970016 702 #1 $aSilveira,$bAlessandra$4727$31018222 801 #0 $aPT$bBN$gRPC 966 ## $lBN$mFGMON$sS.C. 167869 V.$x1 971 ## $ciquintas$d20251022 972 ## $e0$z0$d20251106$vasantos 973 ## $cmlsousa$d20251103
Etiqueta de registo: 00254nam 2200025 450 001 2286020 003 http://id.bnportugal.gov.pt/bib/catbnp/2286020 010 ## $a978-972-724-929-9 021 ## $aPT$b560204/26 100 ## $a20260508d2026 k y0pory01030103ba 101 0# $apor 102 ## $aPT 105 ## $ay m 000yy 106 ## $ar 200 1# $aPoteção de dados e inteligência artificial$esinergias interpretativas e potenciais conflitos entre o RGPD e o AI Act$fTiago Sérgio Cabral$gpref. Alessandra Silveira 210 #9 $aLisboa$cQuid Juris,$d2026 215 ## $a614 p.$d24 cm 700 #1 $aCabral,$bTiago Sérgio Alves$31970016 702 #1 $aSilveira,$bAlessandra$4080$31018222 801 #0 $aPT$bBN$gRPC 966 ## $lBN$mFGMON$x1 966 ## $lBN$mFGMON$x1 971 ## $cisantos$d20260508
|
|
|